Lego City Sets - Early 2020 - Statistics

General Stats
  • This quiz has been taken 10 times
    9 since last reset
  • The average score is 8 of 20
Answer Stats
Set Number Set Name % Correct
60246 Police Station
86%
60251 Monster Truck
57%
60252 Construction Bulldozer
43%
60253 Ice-Cream Truck
43%
60254 Race Boat Transporter
43%
60256 Racing Cars
43%
60257 Service Station
43%
60255 Stunt Team
43%
60258 Tuning Workshop
43%
60248 Fire Helicopter Response
29%
60247 Forest Fire
29%
60250 Mail Plane
29%
60270 Police Brick Box
29%
60241 Police Dog Unit
29%
60243 Police Helicopter Chase
29%
60244 Police Helicopter Transport
29%
60242 Police Highway Arrest
29%
60245 Police Monster Truck Heist
29%
60267 Safari Off-Roader
29%
60249 Street Sweeper
29%
No matching quizzes found
Score Distribution
Percent of People with Each Score
Percentile by Number Answered
Your Score History
You have not taken this quiz since the last reset